00887nam a2200265 a 450000500170000000800410001701000140005802000270007203500130009903700150011204000180012708200130014510000210015824500930017925000120027226000370028427000810032130000280040250400500043065000280048065000490050865000210055765000230057870000200060120090807160951.0090113s2009 ii a b 001 0 eng  aENG-94673 a9788178298528 c395.00 aEN-78206 bDBAD / PUB adplbEnglish  a332.1068 aJoshi, Vasant C. aManaging Indian banks :bthe challenges ahead /cby Vasant C. Joshi [and] Vinay V. Joshi a3rd ed. aNew Delhi bResponse Booksc2009 aB1/I-1 Mohan Cooperative Industrial Area, Mathura Road, bNew Delhi e110044 axx, 337 p. c22cm(pbk)  aIncludes bibliographical references and index aBank managementzIndia. aBanks and bankingxState supervisionzIndia. aBank management. aBanks and banking. aJoshi, Vinay V.